000 00410nam a22001337a 4500
008 131216b xxu||||| |||| 00| 0 eng d
050 _aSPC DT732,G75
100 _aGreen, Lawrence George
_95795
245 _aWhere men still dream
260 _aCape Town
_bHoward B. Timmins
_c1945
300 _a280p.
_c21cm
650 _aVoyages & travels; South Africa - Description & travel
_95796
942 _2lcc
_cMONOGRAPH
999 _c119290
_d119290